005810000a220009700045001000019000002450056000193000051000755000051001265200261001777730045004381 aGuingue, Lucas10aSir o no sir : Concierto de Bob Geldof en Cartagena aVol.0, núm.15 (Diciembre, 2006), Página 28 aAntropólogo y músico del grupo Bajotierra. aDesde los años setenta, cuando era un chico punk, hasta el siglo XXI, Bob Geldof ha sido reconocido como un músico de enorme talento y un activista incansable. Es uno de los invitados a la segunda edición del Hay Festival de Literatura en Cartagena.0 tArcadia / Andrés Felipe Solano, Editor